Notas de psicología para educadores / (Record no. 72014)

MARC details
000 -LEADER
campo de control de longitud fija 00549nam a2200181 i 4500
001 - NÚMERO DE CONTROL
campo de control 72014
003 - IDENTIFICADOR DE NÚMERO DE CONTROL
campo de control ES-MaACL
005 - FECHA Y HORA DE LA ÚLTIMA TRANSACCIÓN
campo de control 20250822031117.0
007 - CAMPO FIJO DE DESCRIPCIÓN FÍSICA--INFORMACIÓN GENERAL
campo de control de longitud fija t|
008 - DATOS DE LONGITUD FIJA--INFORMACIÓN GENERAL
campo de control de longitud fija 040823s1972 sp ||||1| spa d
100 1# - ENTRADA PRINCIPAL--NOMBRE DE PERSONA
Nombre de persona Gil de Fagoaga, Lucio.
9 (RLIN) 56794
245 10 - MENCIÓN DEL TÍTULO
Título Notas de psicología para educadores /
Mención de responsabilidad, etc. Lucio Gil de Fagoaga.
260 ## - PUBLICACIÓN, DISTRIBUCIÓN, ETC.
Lugar de publicación, distribución, etc. Madrid :
Nombre del editor, distribuidor, etc. Escuela Española,
Fecha de publicación, distribución, etc. [1972]
300 ## - DESCRIPCIÓN FÍSICA
Extensión 313 p. ;
Dimensiones 21 cm.
650 07 - PUNTO DE ACCESO ADICIONAL DE MATERIA--TÉRMINO DE MATERIA
Término de materia o nombre geográfico como elemento de entrada Psicología de la educación
Fuente del encabezamiento o término embne
9 (RLIN) 16558
852 ## - LOCALIZACIÓN
Ubicación ES-MaACL
Número de control de estantería C-47972
Sublocalización o colección R.82601
Holdings
Estatus retirado Estado de pérdida Estado de daño No para préstamo Biblioteca de origen Biblioteca actual Ubicación en estantería Fecha de adquisición Fuente de adquisición Total de préstamos Signatura topográfica completa Código de barras Visto por última vez Precio de reemplazo Tipo de ítem Koha
        Biblioteca del Ateneo de Madrid Biblioteca del Ateneo de Madrid Depósito 2 17/01/2008     C-47972 1075384 23/02/2023 23/02/2023 Libro impreso